|
|
|
|
| LEADER |
01758nam a22004454a 4500 |
| 001 |
EBC200496 |
| 003 |
MiAaPQ |
| 005 |
20200520144314.0 |
| 006 |
m o d | |
| 007 |
cr cn||||||||| |
| 008 |
030718s2004 enka sb 001 0 eng |
| 010 |
|
|
|z 2003016220
|
| 020 |
|
|
|z 0415322820
|
| 035 |
|
|
|a (MiAaPQ)EBC200496
|
| 035 |
|
|
|a (Au-PeEL)EBL200496
|
| 035 |
|
|
|a (CaPaEBR)ebr10094037
|
| 035 |
|
|
|a (CaONFJC)MIL4698
|
| 035 |
|
|
|a (OCoLC)56751236
|
| 040 |
|
|
|a MiAaPQ
|c MiAaPQ
|d MiAaPQ
|
| 043 |
|
|
|a ae-----
|
| 050 |
|
4 |
|a HG187.E37
|b F549 2004
|
| 082 |
0 |
4 |
|a 332.1/5/095
|2 22
|
| 245 |
0 |
0 |
|a Financial governance in East Asia
|h [electronic resource] :
|b policy dialogue, surveillance and cooperation /
|c edited by Gordon de Brouwer and Yunjong Wang.
|
| 260 |
|
|
|a London ;
|a New York :
|b RoutledgeCurzon,
|c 2004.
|
| 300 |
|
|
|a xviii, 312 p. :
|b ill.
|
| 490 |
1 |
|
|a RoutledgeCurzon studies in the growth economies of Asia
|
| 504 |
|
|
|a Includes bibliographical references and index.
|
| 533 |
|
|
|a Electronic reproduction. Ann Arbor, MI : ProQuest, 2015. Available via World Wide Web. Access may be limited to ProQuest affiliated libraries.
|
| 650 |
|
0 |
|a Financial institutions
|z East Asia.
|
| 650 |
|
0 |
|a Financial institutions
|z East Asia
|x Management.
|
| 650 |
|
0 |
|a Financial institutions
|z East Asia
|x State supervision.
|
| 650 |
|
0 |
|a Corporate governance
|z East Asia.
|
| 650 |
|
0 |
|a Finance
|z East Asia.
|
| 650 |
|
0 |
|a Financial crises
|z East Asia.
|
| 655 |
|
4 |
|a Electronic books.
|
| 700 |
1 |
|
|a De Brouwer, Gordon.
|
| 700 |
1 |
|
|a Wang, Yun-jong.
|
| 710 |
2 |
|
|a ProQuest (Firm)
|
| 830 |
|
0 |
|a RoutledgeCurzon studies in the growth economies of Asia.
|
| 856 |
4 |
0 |
|u https://ebookcentral.proquest.com/lib/matrademy/detail.action?docID=200496
|z Click to View
|